| 000 | 01039cam a2200253 i 4500 | ||
|---|---|---|---|
| 999 |
_c10412 _d10412 |
||
| 003 | OSt | ||
| 005 | 20220316142408.0 | ||
| 008 | 170203s2017 nyu 000 0 eng | ||
| 020 | _a9781616896232 (alk. paper) | ||
| 041 | 1 |
_aeng _hger |
|
| 042 | _apcc | ||
| 082 | 0 | 0 |
_a763 _223 |
| 100 | 1 |
_aHantke, Laura Sofie, _eauthor. |
|
| 240 | 1 | 0 |
_aIn unsrer Küche wird gedruckt. _lEnglish |
| 245 | 1 | 0 |
_aKitchen lithography : _bhand printing at home : from buttons and bags to postcards and pillowcases / _cLaura Sofie Hantke, Lucas Grassmann. |
| 250 | _aEnglish edition. | ||
| 300 |
_a115 pages : _billustrations (some color) ; _c23 cm |
||
| 500 | _a"First published in Germany with the title In unserer Küche wird gedruckt by Verlag Hermann Schmidt." | ||
| 650 | 0 |
_aLithography _xTechnique. |
|
| 700 | 1 |
_aGrassmann, Lucas, _eauthor. |
|
| 906 |
_a7 _bcbc _corignew _d1 _eecip _f20 _gy-gencatlg |
||
| 942 | _2ddc | ||